[Event "Wch Seniors 14th"]
[Site "Halle"]
[Date "2004.11.03"]
[Round "9"]
[White "Kuhnert, Werner Eberhard"]
[Black "Wiedemann, Joachim"]
[Result "1/2-1/2"]
[WhiteElo "1266"]
[BlackElo "1545"]
[PlyCount "38"]
[EventDate "2004.10.24"]
[EventType "swiss"]
[EventRounds "11"]
[EventCountry "GER"]
[SourceTitle "EXT 2005"]
[Source "ChessBase"]
[SourceDate "2004.11.15"]
[SourceVersion "1"]
[SourceVersionDate "2004.11.15"]
[SourceQuality "1"]

1. d4 d5 2. c4 c6 3. Nc3 Nf6 4. Nf3 e6 5. e3 Be7 6. Be2 0-0 7. 0-0 b6 8. Qc2 c5 9. Bd3 g6 10. Re1 Bb7 11. Qd1 dxc4 12. Bxc4 cxd4 13. exd4 a6 14. a3 b5 15. Bd3 Qc8 16. Be4 Nxe4 17. Nxe4 Nd7 18. Bf4 Bd5 19. Rc1 Bc6 1/2-1/2

[Event "Wch Seniors 14th"]
[Site "Halle"]
[Date "2004.10.25"]
[Round "2"]
[White "Bogorad, Michail"]
[Black "Wiedemann, Joachim"]
[Result "1-0"]
[WhiteElo "2197"]
[BlackElo "1545"]
[PlyCount "95"]
[EventDate "2004.10.24"]
[EventType "swiss"]
[EventRounds "11"]
[EventCountry "GER"]
[SourceTitle "EXT 2005"]
[Source "ChessBase"]
[SourceDate "2004.11.15"]
[SourceVersion "1"]
[SourceVersionDate "2004.11.15"]
[SourceQuality "1"]

1. e4 e5 2. f4 Bc5 3. Nf3 d6 4. c3 Nf6 5. a3 Nxe4 6. Qa4+ Bd7 7. Qxe4 f5 8. Qe2 e4 9. d4 Bb6 10. Ng5 g6 11. Be3 d5 12. c4 c6 13. Nc3 h6 14. Nh3 Be6 15. cxd5 Bxd5 16. Rd1 Bb3 17. Rd2 Na6 18. d5 Bxe3 19. Qxe3 Bxd5 20. Qd4 0-0 21. Nxd5 cxd5 22. Qxd5+ Qxd5 23. Rxd5 Rf6 24. Bc4 Kf8 25. Ke2 Rc8 26. b3 Nc7 27. Rd2 b5 28. Bd5 Nxd5 29. Rxd5 Rc2+ 30. Rd2 Rc3 31. Rb2 Rfc6 32. Rd1 Ke7 33. Nf2 a6 34. Rd4 Ke6 35. Nd1 Rc2+ 36. Rxc2 Rxc2+ 37. Rd2 Rxd2+ 38. Kxd2 Kd5 39. Ne3+ Kd4 40. g4 fxg4 41. Nc2+ Kd5 42. Ke3 a5 43. Nd4 a4 44. b4 h5 45. Nxb5 h4 46. Nc3+ Kc4 47. Nxe4 Kb3 48. b5 1-0

[Event "Leipzig VfB op 11th"]
[Site "Leipzig"]
[Date "2004.03.17"]
[Round "3"]
[White "Wiedemann, Joachim"]
[Black "Kielstein, Hans"]
[Result "0-1"]
[WhiteElo "1527"]
[BlackElo "1898"]
[PlyCount "42"]
[EventDate "2004.03.16"]
[EventType "swiss"]
[EventRounds "9"]
[EventCountry "GER"]
[SourceTitle "EXT 2007"]
[Source "ChessBase"]
[SourceDate "2006.11.23"]
[SourceVersion "1"]
[SourceVersionDate "2006.11.23"]
[SourceQuality "1"]

1. e4 e5 2. Nf3 Nc6 3. Bc4 Bc5 4. c3 Qe7 5. 0-0 d6 6. d4 Bb6 7. h3 Nf6 8. Re1 0-0 9. Bg5 Nd8 10. Nbd2 c6 11. Nf1 Ne6 12. Bxe6 Bxe6 13. Nxe5 dxe5 14. dxe5 Qc5 15. exf6 Qxg5 16. fxg7 Rfd8 17. Qf3 Rd7 18. Ng3 Rd2 19. Re2 Rad8 20. b3 R8d3 21. Qh5 Qxh5 0-1